000 01563nam a2200241Ia 4500
003 Ost
005 20260507075159.0
008 260507s9999||||xx |||||||||||||| ||und||
020 _a14852499539
040 _cfsecg
041 _aara
082 _a330
100 _aالعساف، تيسير عبد الله المكيد
_eمؤلف
245 0 _aالسجل العقاري :
_bدراسة قانونية مقارنة /
_c تيسير عبد الله المكيد العساف
260 _aبيروت:
_bمنشورات الحلبي الحقوقية,
_c2009
300 _a358 صفحة؛
_bإيضاحات ؛
_c24 سم
504 _aمراجع ص.341 ؛ ملاحق ص.225
520 _aالتسجيل العقاري و مصدره التاريخي ، أنواع الاراضي في القانون الأردني و إعداد السجل العقاري وفق أحكام القانون الأردني ، الحقوق و التصرفات التي يتم قيدها في السجل العقاري و الآثار القانونية للقيد في السجل العقاري الناتج عن التسوية ، الآثار القانونية للتصرفات المسجلة في السجل العقاري في القانون الأردني : ماهية الشكلية ، الشكل في الحقوق العينية الأصلية ( البيع نموذجا ) و الشكل في الحقوق العينية التبعية .
653 _aالسجلات التجارية
653 _aالعقارات
653 _aالقانون -الأردن
942 _cكتاب
999 _c43386
_d43386